|
|
|
|
| LEADER |
02394nam a2200637 a 4500 |
| 001 |
nkc20112161249 |
| 003 |
CZ PrNK |
| 005 |
20110318130339.0 |
| 007 |
ta |
| 008 |
110114s2011 xr f 000 0 cze |
| 015 |
|
|
|a cnb002161249
|
| 020 |
|
|
|a 978-80-86897-39-4
|q (brož.)
|
| 035 |
|
|
|a (OCoLC)713795136
|
| 040 |
|
|
|a ABA001
|b cze
|
| 041 |
0 |
|
|a cze
|a slo
|b eng
|
| 043 |
|
|
|a e-xr---
|a e------
|
| 072 |
|
7 |
|a 37
|x Výchova a vzdělávání
|2 Konspekt
|9 22
|
| 080 |
|
|
|a 37.0-022.324
|2 MRF
|
| 080 |
|
|
|a 37.09
|2 MRF
|
| 080 |
|
|
|a 37.016
|2 MRF
|
| 080 |
|
|
|a 37.014.3
|2 MRF
|
| 080 |
|
|
|a (437.3)
|2 MRF
|
| 080 |
|
|
|a (4)
|2 MRF
|
| 080 |
|
|
|a (048.8)
|2 MRF
|
| 100 |
1 |
|
|a Veteška, Jaroslav,
|d 1973-
|7 xx0022822
|4 aut
|
| 245 |
1 |
0 |
|a Proměny školního vzdělávání v biodromálním kontextu /
|c Jaroslav Veteška
|
| 250 |
|
|
|a Vyd. 1.
|
| 260 |
|
|
|a Praha :
|b Dashöfer,
|c 2011
|
| 300 |
|
|
|a 178 s. ;
|c 21 cm
|
| 490 |
1 |
|
|a Pedagogika a školství
|
| 504 |
|
|
|a Obsahuje bibliografii a bibliografické odkazy
|
| 546 |
|
|
|a Část. slovenský text, anglické resumé
|
| 650 |
0 |
7 |
|a celoživotní vzdělávání
|7 ph119091
|z Česko
|2 czenas
|
| 650 |
0 |
7 |
|a celoživotní vzdělávání
|7 ph119091
|z země Evropské unie
|2 czenas
|
| 650 |
0 |
7 |
|a školství
|7 ph116829
|z Česko
|2 czenas
|
| 650 |
0 |
7 |
|a školství
|7 ph116829
|z země Evropské unie
|2 czenas
|
| 650 |
0 |
7 |
|a kurikulum
|7 ph115039
|z Česko
|2 czenas
|
| 650 |
0 |
7 |
|a kurikulum
|7 ph115039
|z země Evropské unie
|2 czenas
|
| 650 |
0 |
7 |
|a vzdělávací reformy
|7 ph138643
|z Česko
|2 czenas
|
| 650 |
0 |
7 |
|a vzdělávací reformy
|7 ph138643
|z země Evropské unie
|2 czenas
|
| 650 |
0 |
9 |
|a permanent education
|z Czechia
|2 eczenas
|
| 650 |
0 |
9 |
|a permanent education
|z European Union countries
|2 eczenas
|
| 650 |
0 |
9 |
|a education
|z Czechia
|2 eczenas
|
| 650 |
0 |
9 |
|a education
|z European Union countries
|2 eczenas
|
| 650 |
0 |
9 |
|a curriculum
|z Czechia
|2 eczenas
|
| 650 |
0 |
9 |
|a curriculum
|z European Union countries
|2 eczenas
|
| 650 |
0 |
9 |
|a educational reforms
|z Czechia
|2 eczenas
|
| 650 |
0 |
9 |
|a educational reforms
|z European Union countries
|2 eczenas
|
| 655 |
|
7 |
|a monografie
|7 fd132842
|2 czenas
|
| 655 |
|
9 |
|a monographs
|2 eczenas
|
| 830 |
|
0 |
|a Pedagogika a školství
|0 s
|
| 910 |
2 |
|
|a BOA001
|b 2-1262.958
|
| 990 |
|
|
|a BK
|
| 995 |
|
|
|a 01
|
| 991 |
|
|
|b 201103
|c NOV
|j 37 VET
|e n
|
| 996 |
6 |
|
|b 2610472032
|c 2-1262.958
|l MZK
|r Sklad / do 1 hodiny
|n 8
|p p.v.
|w 001170306
|u 000010
|a 1
|e BOA001
|j MZK50
|s P
|